000 01263nam a22003017a 4500
001 1425
005 20231212085126.0
020 _a9780753459843
040 _aDLC
_cDLC
_dDLC
_beng
050 0 0 _aDS44.S697
082 0 0 _a956
100 1 _aSteele, Phillip W.
245 1 4 _aThe middle east /
_cPhilipSteele
260 _aNew York :
_bKingfisher,
_c2006
300 _a64 unnumbered pages :
_bcolor illustrations, maps ;
_c29 cm
490 _3Kingfisher Knowledge
505 _aZ
520 _aThe Middle East captures the richness and diversity of Middle Eastern culture, and places the region in its global context in a way that no other reference has done for this age group. By examining a wide range of themes, including religion resources, history, politics, and current affairs, and the embarking on a country-by-country examination, The Middle East is an excellent companion to any discussion of current news or social and political events.
521 _a1110
_bLexile NC
521 _aZ
_bRaz-Plus
650 0 _aMiddle East
_zMiddle East
_xGeography
700 1 _aBaker, Julian
700 1 _aBayley, Thomas
700 1 _aHarris, David
700 1 _aWinfield, Peter
906 _a7
_bcbc
_corignew
_d1
_eocip
_f19
_gy-gencatlg
942 _2ddc
_cBK
_n0
999 _c1425
_d1425